000 00752nam a2200229Ia 4500
001 8774
003 GE_BSU
008 181216s||||||||xx |||||||||||||| ||und||
040 _cGE_BSU
080 _a821.353.1-31
100 _aიოსელიანი,ჯაბა
245 _aსანიტარული მატარებელი.
245 _bრომანი.
245 _cრედ:მილიცა ჯაფარიძე;მხატვ:გ.ღლონტი.
260 _aთბილისი.
260 _bმერანი.
260 _c1992.
300 _a208გვ;20სმ.ილ.
653 _aრომანი.
653 _aსანიტარული მატარებელი.
942 _cBK
999 _c42084
_d42084